Estructuras articuladas : teoría y ejercicios /

Bibliographic Details
Main Authors: Perera Velamazán, Ricardo (Author), Gómez Lera, Ma. del Sagrario (María del Sagrario) (Author)
Format: Electronic eBook
Language:Spanish
Published: Madrid : Industriales, ETSII, UPM, Sección de Publicaciones : Dextra Editorial, [2015]
Series:Serie Mecánica estructural y construcciones industriales.
Subjects:
Online Access:Digitalia Hispánica

MARC

LEADER 00000nam a2200000Ii 4500
001 DIGDEXT0058
003 NyNyDIG
006 m o d
007 cr |||||||||||
008 240808s2015 sp a o 000 0 spa d
035 |a (OCoLC)1452248582 
040 |a DGITA  |b eng  |e rda  |e pn  |c DGITA 
020 |a 9788416277353  |q eBook 
020 |z 9788416277346 
050 1 4 |a TA645 ebook 
100 1 |a Perera Velamazán, Ricardo,  |e author. 
245 1 0 |a Estructuras articuladas :  |b teoría y ejercicios /  |c Ricardo Perera Velamazán, Sagrario Gómez Lera. 
264 1 |a Madrid :  |b Industriales, ETSII, UPM, Sección de Publicaciones :  |b Dextra Editorial,  |c [2015] 
300 |a 1 online resource :  |b illustrations. 
336 |a text  |b txt  |2 rdacontent 
337 |a computer  |b c  |2 rdamedia 
338 |a online resource  |b cr  |2 rdacarrier 
347 |a text file  |2 rdaft 
347 |b PDF 
490 1 |a Serie Mecánica estructural y construcciones industriales 
588 0 |a Online resource; title from PDF title page (Digitalia, viewed August 8, 2024) 
650 0 |a Structural analysis (Engineering) 
700 1 |a Gómez Lera, Ma. del Sagrario  |q (María del Sagrario),  |e author. 
791 2 |a Digitalia (Firm),  |e distributor. 
793 0 |g Digitalia eBook Collection:  |a Dextra Editorial 
776 0 8 |i Print version:  |a Perera Velamazán, Ricardo.  |t Estructuras articuladas.  |d Madrid : Industriales, ETSII, UPM, Sección de Publicaciones : Dextra Editorial, [2015]  |z 9788416277346 
830 0 |a Serie Mecánica estructural y construcciones industriales. 
856 4 0 |3 Digitalia Hispánica  |u https://www.digitaliapublishing.com/a/156226/ 
910 |a Premium collection: 2024